000
00260nam a22001217a 4500
008
180104b xxu||||| |||| 00| 0 eng d
041
_a
eng
080
_a
33
100
_a
60
101
_a
ECO
245
_a
RATIONAL IN ECONOMICS
_c
BASIL.B
942
_2
udc
_c
BK
999
_c
39699
_d
39699